000 00448cam a2200193 4500
001 D9928
008 090401t1983 xxu||||| |||| 00| 0 eng d
035 _a(Sirsi) u23379
041 _aeng
050 _a658.1552
100 _aWilson, R.M.S.
245 _aCost control handbook
250 _a2nd
260 _aAldershot, Hants
_bGower Publishing
_c1983
300 _axvii. 610p. 23cm
350 _a23.95
942 _n0
948 _c04/03/1997
999 _c88394
_d88394